Outsourcing - nové príležitosti

Využívanie outsourcingu v strednej Európe. Outsourcing a znižovanie nákladov. Zmiešaný typ outsourcingu. Outsourcing a služby.

Salvato in:
Dettagli Bibliografici
Autore principale: Kubala, Martin
Natura: Capitolo di libro
Lingua:slovacco
Soggetti:
Tags: Aggiungi Tag
Nessun Tag, puoi essere il primo ad aggiungerne!!

MARC

LEADER 00000naa$a2200000$$$4500
001 0090415
005 20230929121737.5
041 0 |a slo 
044 |a SK 
245 1 0 |a Outsourcing - nové príležitosti  |c Martin Kubala 
520 |a Využívanie outsourcingu v strednej Európe. Outsourcing a znižovanie nákladov. Zmiešaný typ outsourcingu. Outsourcing a služby. 
610 2 0 |a outsourcing 
610 2 0 |a služby 
610 2 0 |a znižovanie nákladov 
610 2 0 |a inovácia 
610 2 0 |a technológie informačné 
610 2 0 |a technológie komunikačné 
100 1 |a Kubala, Martin